[Event "RUS"]
[Site "?"]
[Date "2006.04.22"]
[Round "3"]
[White "Aronian Levon"]
[Black "Tiviakov Sergei"]
[Result "1-0"]
[WhiteElo "2756"]
[BlackElo "2669"]
[PlyCount "103"]
[EventDate "2006.??.??"]
[Source "www.chesslib.no"]
[SourceDate "2004.05.04"]

1. c4 e5 2. g3 Nf6 3. Bg2 d5 4. cxd5 Nxd5 5. Nc3 Nb6 6. d3 Be7 7. Be3 O-O 8. Rc1 Nc6 9. Nf3 Be6 10. O-O Nd5 11. Nxd5 Bxd5 12. Qa4 a6 13. a3 Bd6 14. Rc3 Ne7 15. Qh4 f6 16. Nd2 c6 17. Nc4 Bc7 18. Be4 Ng6 19. Qh3 Rf7 20. Nd2 Nf8 21. Nb3 Bxe4 22. dxe4 Qd7 23. Qxd7 Nxd7 24. Rd1 Kf8 25. Rcd3 Ke8 26. Nd2 Kd8 27. Nc4 Kc8 28. Rc3 a5 29. a4 Re7 30. h4 b6 31. Rcd3 Rb8 32. h5 h6 33. Kg2 b5 34. axb5 Rxb5 35. Rc3 Kb7 36. b3 Rb4 37. Ra1 Rb5 38. Rd1 Rb4 39. Bc1 c5 40. Rcd3 Kc6 41. Bd2 Rb5 42. Ra1 f5 43. exf5 e4 44. Rc3 Be5 45. Nxa5+ Kc7 46. Bf4 Bxf4 47. gxf4 Nf6 48. e3 Nxh5 49. b4 Rxb4 50. Rxc5+ Kb6 51. Rc6+ Kb5 52. Rc8 1-0

[Event "Elista ol (Men)"]
[Site "Elista"]
[Date "1998.10.11"]
[Round "12"]
[White "Bareev, Evgeny"]
[Black "Dautov, Rustem"]
[Result "1/2-1/2"]
[WhiteElo "2690"]
[BlackElo "2625"]
[PlyCount "47"]
[EventDate "1998.09.29"]
[Source "ChessBase"]
[SourceDate "1998.11.06"]

1. c4 e5 2. g3 Nf6 3. Bg2 Nc6 4. Nf3 Bc5 5. O-O d6 6. Nc3 O-O 7. d3 h6 8. a3 a5 9. e3 Bf5 10. b3 Ba7 11. Bb2 Qd7 12. Rc1 Bh3 13. d4 Bxg2 14. Kxg2 exd4 15. exd4 Ne7 16. d5 Nh7 17. Qd3 Ng6 18. Rce1 Rfe8 19. Nb5 Bb6 20. Nbd4 Bxd4 21. Qxd4 Nf6 22. Qd1 Ne4 23. Nd4 c6 24. h3 1/2-1/2

[Event "France"]
[Site "?"]
[Date "2004.??.??"]
[Round "?"]
[White "Gurevich, M."]
[Black "Rublevsky, S."]
[Result "1-0"]
[WhiteElo "2655"]
[BlackElo "2655"]
[PlyCount "61"]
[EventDate "2004.??.??"]
[Source "Chess Informant"]
[SourceDate "2004.02.01"]

1. c4 e5 2. g3 Nf6 3. Bg2 d5 4. cxd5 Nxd5 5. Nf3 Nc6 6. O-O Nb6 7. b3 Bd6 8. Bb2 O-O 9. d3 Bg4 10. Nbd2 Qe7 11. a3 a5 12. h3 Bh5 13. e4 Bc5 14. Qc2 Rfd8 15. Rfc1 Nd7 16. Nh4 Ba7 17. Nf5 Qe8 18. Qb1 Nc5 19. Rc3 Be2 20. Bf1 Rxd3 21. Rxd3 Bxd3 22. Bxd3 Qd7 23. Bc4 Qxd2 24. Ra2 Nxb3 25. Ba1 Bxf2+ 26. Kg2 Qd7 27. Rxf2 Nxa1 28. Qxa1 Rf8 29. Qb2 Kh8 30. Bd5 Nd4 31. Qxb7 1-0

[Event "Moscow PCA-GP"]
[Site "Moscow"]
[Date "1996.??.??"]
[Round "1.1"]
[White "Chernin, Alexander"]
[Black "Shirov, Alexei"]
[Result "1/2-1/2"]
[WhiteElo "2595"]
[BlackElo "2690"]
[PlyCount "105"]
[EventDate "1996.04.??"]
[Source "ChessBase"]

1. c4 e5 2. g3 f5 3. Bg2 Nf6 4. d3 Bb4+ 5. Bd2 Bxd2+ 6. Qxd2 O-O 7. Nc3 d6 8. e3 c6 9. Nf3 Be6 10. Ng5 Qe7 11. O-O Nbd7 12. f4 h6 13. Nxe6 Qxe6 14. Bh3 Ng4 15. e4 h5 16. Bg2 fxe4 17. Nxe4 exf4 18. gxf4 d5 19. cxd5 cxd5 20. Nc3 Ndf6 21. Rae1 Qd6 22. h3 Nh6 23. Re5 Nf7 24. d4 Qd7 25. f5 Rae8 26. Bxd5 Nxd5 27. Rxd5 Qc7 28. f6 g5 29. Qd3 Kh8 30. Rdf5 Nh6 31. f7 Re6 32. Nd5 Qd6 33. Rxg5 Rxf7 34. Rxf7 Nxf7 35. Rxh5+ Kg7 36. Rf5 Rg6+ 37. Kf1 Qh2 38. Qe3 Qxb2 39. Rxf7+ Kxf7 40. Qe7+ Kg8 41. Nf6+ Rxf6+ 42. Qxf6 Qb1+ 43. Kf2 Qxa2+ 44. Kg3 Qf7 45. Qd8+ Kh7 46. h4 b5 47. d5 b4 48. d6 b3 49. Qe7 Qxe7 50. dxe7 b2 51. e8=Q b1=Q 52. Qf7+ Kh6 53. Qf8+ 1/2-1/2

[Event "SAP 30 min"]
[Site "?"]
[Date "1997.12.05"]
[Round "2"]
[White "Lobron Eric"]
[Black "Karpov Anatoly"]
[Result "0-1"]
[WhiteElo "2540"]
[BlackElo "2745"]
[PlyCount "68"]
[EventDate "1997.??.??"]
[Source "www.chesslib.no"]
[SourceDate "2004.05.04"]

1. c4 e5 2. g3 g6 3. d4 d6 4. dxe5 dxe5 5. Qxd8+ Kxd8 6. Nc3 Be6 7. Bg2 c6 8. Nf3 f6 9. b3 Nd7 10. Bb2 Nh6 11. O-O-O Nf7 12. Nd2 Rc8 13. Kb1 h5 14. h3 Bc5 15. Nd5 cxd5 16. cxd5 Bf5+ 17. e4 Bxf2 18. exf5 gxf5 19. Nc4 Bxg3 20. d6 e4 21. Rhf1 Nh6 22. Bc1 b5 23. Na5 Ne5 24. Bxh6 Rxh6 25. Rxf5 e3 26. Bf1 a6 27. a4 bxa4 28. Bxa6 Ra8 29. Nb7+ Kd7 30. Nc5+ Kc6 31. Bb7+ Kxc5 32. Bxa8 e2 33. b4+ Kxb4 34. Rc1 e1=Q 0-1

[Event "Garmisch"]
[Site "Garmisch"]
[Date "1994.??.??"]
[Round "2"]
[White "Korchnoi, Viktor L"]
[Black "Sokolov, Ivan"]
[Result "0-1"]
[WhiteElo "2615"]
[BlackElo "2650"]
[PlyCount "28"]
[EventDate "1994.??.??"]
[Source "www.chesslib.no"]
[SourceDate "2004.05.04"]

1. c4 e5 2. g3 Nf6 3. Bg2 Nc6 4. Nf3 Bc5 5. d3 d6 6. Nc3 O-O 7. O-O h6 8. a3 a5 9. e3 Bb6 10. Rb1 Bf5 11. Nh4 Bg4 12. Qc2 Qd7 13. b4 axb4 14. axb4 Bh3 0-1

[Event "Europa ch 2008"]
[Site "Plovdiv BUL"]
[Date "2008.05.02"]
[Round "11.15"]
[White "Markowski, Tomasz"]
[Black "Timofeev, Artyom"]
[Result "1-0"]
[WhiteElo "2598"]
[BlackElo "2664"]
[PlyCount "91"]
[EventDate "2008.04.21"]
[Source "www.chesslib.no"]
[SourceDate "2004.05.04"]

1. g3 e5 2. c4 Nf6 3. Bg2 Bc5 4. Nc3 O-O 5. d3 Nc6 6. e3 d6 7. Nge2 Re8 8. O-O Bf5 9. h3 h6 10. b3 a6 11. Bb2 Rb8 12. Kh2 Qd7 13. Qd2 b5 14. Nd5 Nxd5 15. cxd5 Nd8 16. Rac1 Bb6 17. g4 Bh7 18. Ng3 Rc8 19. Qc3 a5 20. Rc2 Bc5 21. Rcc1 Bb6 22. Rfd1 f5 23. gxf5 Bxf5 24. Qc2 Rf8 25. Qe2 Nf7 26. Nxf5 Qxf5 27. Be4 Qf6 28. f4 Qh4 29. Rf1 h5 30. Bf5 Rce8 31. fxe5 Nh6 32. Rf4 Ng4+ 33. Bxg4 Rxf4 34. exf4 hxg4 35. Qg2 gxh3 36. Qg3 Qh6 37. e6 Re7 38. Re1 c6 39. dxc6 d5 40. Qg5 Qxg5 41. fxg5 Kf8 42. Kxh3 Ke8 43. Kg4 g6 44. Bf6 Rh7 45. Rc1 d4 46. a4 1-0

[Event "Groningen"]
[Site "?"]
[Date "1993.??.??"]
[Round "?"]
[White "Ehlvest, J."]
[Black "Kaidanov, G."]
[Result "1-0"]
[WhiteElo "2620"]
[BlackElo "2640"]
[PlyCount "95"]
[EventDate "1993.??.??"]
[Source "ChessBase"]
[SourceDate "1993.10.01"]

1. c4 e5 2. g3 Nf6 3. Bg2 d5 4. cxd5 Nxd5 5. Nf3 Nc6 6. O-O Nb6 7. b3 g6 8. Nc3 Bg7 9. Ba3 Ne7 10. Rc1 O-O 11. Nb5 Nbd5 12. Qc2 c6 13. Nd6 a5 14. Nxc8 Qxc8 15. Bb2 Nb4 16. Qc5 Ned5 17. a3 Na6 18. Qc2 Re8 19. Rfd1 Nac7 20. e4 Nb6 21. Qb1 a4 22. b4 Nb5 23. Qa1 Qe6 24. Bf1 Rad8 25. Bxb5 cxb5 26. d3 f6 27. Rc5 Qd7 28. Qc1 Rc8 29. Qe3 Nc4 30. Qe2 Nxb2 31. Rxc8 Rxc8 32. Qxb2 Qc6 33. Qa2+ Kf8 34. Kg2 Bh6 35. Re1 Ke7 36. d4 Qc4 37. Qa1 exd4 38. Qxd4 Qxd4 39. Nxd4 Rc3 40. Nxb5 Rd3 41. e5 Rd5 42. exf6+ Kxf6 43. Nc3 Rd3 44. Nxa4 Rxa3 45. Nc5 Ra2 46. Re6+ Kf5 47. Re7 Rb2 48. Rf7+ 1-0

[Event "Elista ol (Men)"]
[Site "Elista"]
[Date "1998.10.01"]
[Round "3"]
[White "Marin, Mihail"]
[Black "Svidler, Peter"]
[Result "1/2-1/2"]
[WhiteElo "2530"]
[BlackElo "2710"]
[PlyCount "100"]
[EventDate "1998.09.29"]
[Source "ChessBase"]
[SourceDate "1998.11.06"]

1. c4 e5 2. g3 g6 3. d4 d6 4. Nc3 Nd7 5. Nf3 Bg7 6. Bg2 Ne7 7. O-O exd4 8. Nxd4 O-O 9. e3 Nb6 10. b3 d5 11. cxd5 Nbxd5 12. Nxd5 Nxd5 13. Ba3 Re8 14. Rc1 c6 15. Qd2 Nc7 16. Bb2 Nb5 17. Rfd1 Bg4 18. f3 Nxd4 19. fxg4 Ne6 20. Bxg7 Nxg7 21. Qxd8 Raxd8 22. Kf2 Ne6 23. h4 h6 24. b4 Rxd1 25. Rxd1 Rd8 26. Rxd8+ Nxd8 27. Ke2 Kf8 28. Kd3 Ke7 29. Kd4 Kd6 30. Bf1 Ne6+ 31. Ke4 b5 32. h5 Ng5+ 33. Kf4 Ne6+ 34. Ke4 a6 35. hxg6 fxg6 36. Bd3 c5 37. a3 Ng5+ 38. Kf4 Ne6+ 39. Ke4 c4 40. Bc2 Nc7 41. Kd4 Ne6+ 42. Ke4 Nd8 43. Kf4 g5+ 44. Kf5 Nc6 45. Bd1 Ne5 46. e4 c3 47. Bc2 Nc4 48. Kf6 Ne5 49. Kf5 Nc6 50. Kf6 Ne5 1/2-1/2

[Event "Venacu FRA, 1. Open"]
[Site "?"]
[Date "2005.10.28"]
[Round "5"]
[White "Markowski Tomasz"]
[Black "Izoria Zviad"]
[Result "1/2-1/2"]
[WhiteElo "2582"]
[BlackElo "2646"]
[PlyCount "101"]
[EventDate "2005.??.??"]
[Source "www.chesslib.no"]
[SourceDate "2004.05.04"]

1. g3 e5 2. c4 Nf6 3. Bg2 h6 4. d3 Bb4+ 5. Nd2 O-O 6. a3 Bxd2+ 7. Bxd2 Re8 8. Nf3 c6 9. Bc3 e4 10. dxe4 Nxe4 11. Rc1 d5 12. cxd5 Qxd5 13. O-O Nxc3 14. Rxc3 Qh5 15. Qd2 Nd7 16. Re3 Rxe3 17. Qxe3 Nf6 18. Rd1 Bh3 19. Bxh3 Qxh3 20. Qe7 Rb8 21. Ne5 Qh5 22. Nd7 Nxd7 23. Rxd7 Qg6 24. Kg2 a5 25. h4 b5 26. Qe5 Rc8 27. h5 Qf6 28. Qxf6 gxf6 29. Kf3 c5 30. Ra7 a4 31. Ke3 Rd8 32. Rb7 b4 33. axb4 cxb4 34. Rxb4 Ra8 35. Kf4 a3 36. bxa3 Rxa3 37. e4 Kg7 38. Kg4 Rc3 39. Rb6 Rc4 40. f3 Rc5 41. f4 Rc4 42. Kf5 Rc5+ 43. e5 fxe5 44. fxe5 Rc1 45. Rb7 Rf1+ 46. Ke4 Kf8 47. g4 Re1+ 48. Kf4 Rf1+ 49. Kg3 Rg1+ 50. Kf3 Rf1+ 51. Ke4 1/2-1/2

[Event "EUCup Gr2"]
[Site "Strasbourg"]
[Date "1994.??.??"]
[Round "?"]
[White "Hertneck, Gerald"]
[Black "Gurevich, Mikhail"]
[Result "0-1"]
[WhiteElo "2605"]
[BlackElo "2620"]
[PlyCount "98"]
[EventDate "1994.??.??"]
[Source "ChessBase"]

1. c4 e5 2. g3 Nf6 3. Bg2 d5 4. cxd5 Nxd5 5. Nf3 Nc6 6. O-O Nb6 7. b3 Bd6 8. Bb2 Qe7 9. d3 O-O 10. Nfd2 Bg4 11. Nc3 Qd7 12. Re1 Rae8 13. Nc4 Bc5 14. Ne4 Bb4 15. Ned2 Nxc4 16. bxc4 f5 17. Rb1 e4 18. d4 Ba5 19. d5 Ne5 20. Bxe5 Rxe5 21. Rxb7 Bb6 22. Nb3 Qc8 23. Rxb6 axb6 24. f4 exf3 25. exf3 Rxe1+ 26. Qxe1 Re8 27. Qc3 Bh5 28. Nd4 Bf7 29. h4 Qd7 30. Kf2 g6 31. h5 Qe7 32. hxg6 hxg6 33. Bf1 Qc5 34. Qd2 b5 35. cxb5 Qxd5 36. Qf4 Qxa2+ 37. Kg1 Qa1 38. Kf2 Qb2+ 39. Ne2 Qe5 40. Qxe5 Rxe5 41. Nd4 Rc5 42. g4 fxg4 43. fxg4 Bc4 44. Bxc4+ Rxc4 45. Ke3 Rc5 46. Kf4 Kf7 47. Ke4 Kf6 48. Kf4 Re5 49. Kf3 g5 0-1

[Event "Wch Team"]
[Site "Luzern"]
[Date "1993.??.??"]
[Round "4"]
[White "Xu Jun"]
[Black "Shirov, Alexei"]
[Result "1-0"]
[WhiteElo "2535"]
[BlackElo "2685"]
[PlyCount "81"]
[EventDate "1993.10.??"]
[Source "www.chesslib.no"]
[SourceDate "2004.05.04"]

1. c4 e5 2. d3 f5 3. g3 Nf6 4. Bg2 g6 5. Nf3 d6 6. O-O Bg7 7. Nc3 O-O 8. Rb1 h6 9. b4 g5 10. b5 c5 11. bxc6 bxc6 12. Ba3 Re8 13. Nd2 Be6 14. Qa4 d5 15. cxd5 cxd5 16. Nc4 dxc4 17. Bxa8 cxd3 18. exd3 Qxd3 19. Nb5 Bxa2 20. Nd6 Bxb1 21. Nxe8 Nbd7 22. Nxg7 Kxg7 23. Qxa7 Ba2 24. Bb2 Bc4 25. Rc1 Kg6 26. Qa3 Qxa3 27. Bxa3 Bd5 28. Bxd5 Nxd5 29. Rc6+ N5f6 30. Kf1 g4 31. Bc1 h5 32. Ke2 Kf7 33. Bb2 Ne4 34. Ke3 Nef6 35. Rd6 Ke7 36. Ba3 Kf7 37. Kd3 Nf8 38. Rxf6+ Kxf6 39. Bxf8 Ke6 40. Bh6 Kd5 41. Be3 1-0

[Event "Corsican op"]
[Site "Bastia"]
[Date "1998.11.03"]
[Round "7"]
[White "Chernin, Alexander"]
[Black "Adianto, Utut"]
[Result "1-0"]
[WhiteElo "2610"]
[BlackElo "2610"]
[PlyCount "50"]
[EventDate "1998.11.01"]
[Source "ChessBase"]
[SourceDate "1999.01.01"]

1. c4 e5 2. g3 c6 3. d4 exd4 4. Qxd4 d5 5. Bg2 Nf6 6. Nf3 Be7 7. cxd5 cxd5 8. O-O Nc6 9. Qa4 O-O 10. Nc3 Bd7 11. Be3 Rc8 12. Rad1 Na5 13. Qc2 a6 14. Qb1 Be6 15. Ng5 g6 16. Bd4 Bf5 17. Qa1 Nc6 18. Bxf6 Bxf6 19. Rxd5 Qe7 20. Nge4 Be5 21. Rfd1 Be6 22. R5d2 Rfd8 23. h4 Nd4 24. e3 Nc6 25. Ng5 Bg4 1-0

[Event "Bastia FRA, Corsica Masters 2005"]
[Site "?"]
[Date "2002.11.01"]
[Round "1"]
[White "Gurevich Mikhail"]
[Black "Izoria Zviad"]
[Result "1-0"]
[WhiteElo "2520"]
[BlackElo "2699"]
[PlyCount "74"]
[EventDate "2002.??.??"]
[Source "www.chesslib.no"]
[SourceDate "2004.05.04"]

1. c4 e5 2. g3 Nf6 3. Bg2 c6 4. d4 Bb4+ 5. Bd2 Bxd2+ 6. Qxd2 d6 7. Nc3 O-O 8. dxe5 dxe5 9. Qxd8 Rxd8 10. Nf3 Re8 11. O-O-O Bf5 12. h3 Na6 13. g4 Bg6 14. Nh4 Nc5 15. Nxg6 hxg6 16. b4 Ne6 17. e3 g5 18. Kc2 Kf8 19. b5 cxb5 20. Bxb7 Rab8 21. Bc6 Rec8 22. cxb5 Nd8 23. Bf3 Ne6 24. Kb2 a6 25. a4 Nc5 26. Rd2 e4 27. Be2 Nfd7 28. Rd4 Nf6 29. h4 axb5 30. axb5 Ne6 31. Rb4 gxh4 32. Rxh4 Ke7 33. Nxe4 Nxe4 34. Rxe4 Rd8 35. Kc3 Ra8 36. Bc4 Rd1 37. g5 Ra3+ 1-0

[Event "ch-SRB Playoff"]
[Site "Beograd SRB"]
[Date "2007.09.21"]
[Round "1.1"]
[White "Damljanovic, B."]
[Black "Stojanovic, Mih"]
[Result "0-1"]
[WhiteElo "2606"]
[BlackElo "2601"]
[PlyCount "100"]
[EventDate "2007.09.21"]
[Source "www.chesslib.no"]
[SourceDate "2004.05.04"]

1. c4 e5 2. g3 Nf6 3. Bg2 Bc5 4. Nc3 O-O 5. e3 Nc6 6. Nge2 a6 7. O-O d6 8. h3 Ba7 9. d4 Bd7 10. b3 Rb8 11. a4 Re8 12. a5 h6 13. d5 Nb4 14. Qd2 c6 15. dxc6 Bxc6 16. e4 Bc5 17. Nd5 Nfxd5 18. exd5 Bd7 19. Bb2 Bf5 20. Bc3 Nd3 21. b4 Ba7 22. Nc1 Qg5 23. Nxd3 Qxd2 24. Bxd2 Bxd3 25. Rfc1 Bd4 26. Ra2 Rbc8 27. Bf1 e4 28. Bf4 g5 29. Be3 Bxe3 30. fxe3 Re5 31. Raa1 Kf8 32. g4 Ke7 33. Kf2 Bxf1 34. Kxf1 f5 35. Ke2 f4 36. Kd2 f3 37. Rc2 h5 38. Rg1 Kf6 39. gxh5 Kf5 40. h6 Kf6 41. Rg4 Kf5 42. Rc1 Rxd5+ 43. Ke1 Rd3 44. Kf1 Rh8 45. c5 Rxh6 46. Rg3 Rxe3 47. cxd6 Rxd6 48. Rc5+ Kf6 49. Rgxg5 Rd1+ 50. Kf2 Re2+ 0-1

[Event "Jakarta Gunadarma"]
[Site "Jakarta"]
[Date "1996.??.??"]
[Round "4"]
[White "Hickl, Joerg"]
[Black "Adianto, Utut"]
[Result "1-0"]
[WhiteElo "2600"]
[BlackElo "2605"]
[PlyCount "63"]
[EventDate "1996.10.15"]
[Source "ChessBase"]

1. c4 e5 2. g3 c6 3. Qa4 Nf6 4. Bg2 Be7 5. Nf3 d6 6. O-O O-O 7. d3 Nbd7 8. Qc2 a5 9. b3 d5 10. cxd5 cxd5 11. Bb2 e4 12. dxe4 dxe4 13. Ng5 e3 14. f4 h6 15. Nf3 Nc5 16. Na3 Na6 17. Rfd1 Qe8 18. Nc4 a4 19. Nd6 axb3 20. axb3 Bxd6 21. Rxd6 Nb4 22. Qc3 Rxa1+ 23. Bxa1 Qb5 24. Nd4 Qa5 25. h3 b6 26. Rxf6 gxf6 27. Nc6 Nd5 28. Ne7+ Kg7 29. Nxd5 Qxc3 30. Bxc3 Bf5 31. Bxf6+ Kg6 32. Bd4 1-0

[Event "II Open Rapid"]
[Site "Canada de Calatrava SPA"]
[Date "2007.04.07"]
[Round "6"]
[White "Marin, M."]
[Black "Sokolov, Iv"]
[Result "0-1"]
[WhiteElo "2549"]
[BlackElo "2652"]
[PlyCount "106"]
[EventDate "2007.04.06"]
[Source "www.chesslib.no"]
[SourceDate "2004.05.04"]

1. c4 e5 2. g3 Nf6 3. Bg2 c6 4. d4 exd4 5. Qxd4 Na6 6. Nf3 d5 7. O-O Nb4 8. cxd5 Qxd5 9. Nc3 Qxd4 10. Nxd4 Bc5 11. Nb3 Be7 12. Bf4 O-O 13. Rfd1 Rd8 14. Rxd8+ Bxd8 15. Rd1 Bb6 16. a3 Na6 17. Be3 Be6 18. Nd4 Bd7 19. Na4 h6 20. Nxb6 axb6 21. Nf3 Nc5 22. Bd4 Nd5 23. Ne5 Be6 24. Nc4 Ra6 25. Nd6 Ra7 26. Nc4 Ra6 27. Nd6 Ra7 28. Bxd5 cxd5 29. b4 Ne4 30. Nb5 Ra4 31. f3 Bd7 32. Nc7 Ng5 33. Rd3 Bf5 34. Rc3 Ne6 35. Nxe6 Bxe6 36. Bxb6 Ra6 37. Bd4 Bd7 38. Rc5 Rxa3 39. Rxd5 Bc6 40. Rc5 Rb3 41. Bc3 f6 42. Kf2 Kf7 43. g4 Ke6 44. Bd2 Rb2 45. Ke3 Rb3+ 46. Kd4 Rb2 47. Kc3 Rb1 48. h4 Rh1 49. h5 Rb1 50. Rc4 Kd7 51. Rd4+ Ke6 52. Bf4 Bb5 53. Bc7 Rc1+ 0-1

[Event "Camp. cinese"]
[Site "Pechino CINA"]
[Date "2008.06.01"]
[Round "4"]
[White "Li Shilong"]
[Black "Wang Hao"]
[Result "1/2-1/2"]
[WhiteElo "2512"]
[BlackElo "2684"]
[PlyCount "111"]
[EventDate "2008.05.29"]
[Source "www.chesslib.no"]
[SourceDate "2004.05.04"]

1. c4 e5 2. b3 c5 3. Bb2 Nc6 4. Nc3 g6 5. g3 Bg7 6. Bg2 Nge7 7. d3 O-O 8. e3 d6 9. Nge2 Be6 10. Nd5 Qd7 11. h4 h6 12. Qd2 Rab8 13. h5 g5 14. f4 g4 15. Nec3 f5 16. O-O-O a6 17. Nb6 Qd8 18. Ncd5 Nb4 19. Nxb4 cxb4 20. Nd5 b5 21. e4 a5 22. fxe5 dxe5 23. d4 bxc4 24. bxc4 fxe4 25. dxe5 Nxd5 26. cxd5 Qc7+ 27. Kb1 b3 28. dxe6 bxa2+ 29. Ka1 Rxb2 30. Qxb2 Rb8 31. e7 Kf7 32. Rd8 Kxe7 33. Rxb8 Bxe5 34. Rb5 Bxb2+ 35. Rxb2 Qc3 36. Kxa2 a4 37. Rhb1 Qc4+ 38. Ka3 Qc3+ 39. Kxa4 Qc4+ 40. Ka5 Qc5+ 41. Ka6 Qc6+ 42. Ka7 Qa4+ 43. Kb6 Qd4+ 44. Ka5 Qc5+ 45. Ka6 Qc6+ 46. Rb6 Qa8+ 47. Kb5 Qd5+ 48. Kb4 Qd4+ 49. Ka3 Qc3+ 50. Ka4 Qc2+ 51. Ka3 Qc3+ 52. Ka4 Qc2+ 53. Ka3 Qxg2 54. Rb7+ Kd6 55. R7b6+ Kc7 56. Rb7+ 1/2-1/2

[Event "IX Open, Albacete ESP"]
[Site "?"]
[Date "2001.??.??"]
[Round "8"]
[White "Delchev, A."]
[Black "Korneev, O."]
[Result "1/2-1/2"]
[WhiteElo "2625"]
[BlackElo "2570"]
[PlyCount "41"]
[EventDate "2001.??.??"]
[Source "www.chesslib.no"]
[SourceDate "2004.05.04"]

1. c4 e5 2. g3 Nf6 3. Bg2 d5 4. cxd5 Nxd5 5. Nf3 Nc6 6. O-O Nb6 7. b3 Be7 8. Bb2 Bf6 9. Nc3 Bf5 10. d3 O-O 11. Rc1 Qd7 12. Ne4 Bxe4 13. dxe4 Qxd1 14. Rfxd1 Rfd8 15. Ne1 Rxd1 16. Rxd1 Be7 17. Nd3 Rd8 18. Rc1 f6 19. f4 Bd6 20. Kf2 Kf7 21. e3 1/2-1/2

[Event "Tch (Men) 2005/2006 CZE"]
[Site "?"]
[Date "2005.11.06"]
[Round "4"]
[White "Ftacnik Lubomir"]
[Black "Stocek Jiri"]
[Result "0-1"]
[WhiteElo "2612"]
[BlackElo "2580"]
[PlyCount "112"]
[EventDate "2005.??.??"]
[Source "www.chesslib.no"]
[SourceDate "2004.05.04"]

1. c4 e5 2. g3 Nf6 3. Bg2 Bc5 4. Nc3 O-O 5. e3 c6 6. d4 exd4 7. exd4 Bb4 8. Nge2 d5 9. cxd5 Nxd5 10. O-O Be6 11. Ne4 Nd7 12. Ng5 Bf5 13. Qb3 N7f6 14. Nc3 h6 15. Nge4 Nxe4 16. Nxd5 Qxd5 17. Qxb4 Qd7 18. Be3 Nf6 19. Rfe1 Rfe8 20. Qa3 Be4 21. f3 Bd5 22. Qd3 Be6 23. Bf2 Nd5 24. a3 Bh3 25. Bh1 Rxe1+ 26. Rxe1 Re8 27. Rxe8+ Qxe8 28. Qe4 Qd8 29. Qe5 Be6 30. Bg2 Qb6 31. b4 Qa6 32. f4 Nf6 33. d5 Bxd5 34. Qb8+ Kh7 35. Qxa7 Qd3 36. Qe3 Qd1+ 37. Qe1 Qc2 38. Bxd5 cxd5 39. Bd4 Ng4 40. Bf2 d4 41. Bxd4 Qxh2+ 42. Kf1 Qh1+ 43. Bg1 Qf3+ 44. Bf2 Nxf2 45. Qxf2 Qxa3 46. Qc2+ g6 47. Qe4 Qxg3 48. Qxb7 Qxf4+ 49. Ke2 h5 50. b5 h4 51. Qd7 Kg7 52. Qd3 Qe5+ 53. Kf1 h3 54. Kg1 Qg5+ 55. Kf2 Qg2+ 56. Ke1 h2 0-1

[Event "CERA Bank op"]
[Site "?"]
[Date "1998.??.??"]
[Round "?"]
[White "Bischoff Klaus"]
[Black "Tiviakov Sergei"]
[Result "1/2-1/2"]
[WhiteElo "2545"]
[BlackElo "2640"]
[PlyCount "84"]
[EventDate "1998.??.??"]
[Source "www.chesslib.no"]
[SourceDate "2004.05.04"]

1. c4 e5 2. g3 Nf6 3. Bg2 d5 4. cxd5 Nxd5 5. Nf3 Nc6 6. O-O Nb6 7. a3 Be7 8. d3 O-O 9. Nbd2 Be6 10. b4 f6 11. Bb2 Qd7 12. Qc2 a6 13. Rfd1 Bd5 14. e4 Bf7 15. d4 Nxd4 16. Nxd4 exd4 17. Nf3 Nc4 18. Bxd4 Qe6 19. Bc3 c5 20. bxc5 Bxc5 21. Bb4 Bxb4 22. axb4 Rac8 23. Nd4 Qe5 24. Qe2 Rfe8 25. Rac1 b5 26. Ra1 Bh5 27. Bf3 Bxf3 28. Nxf3 Qe6 29. Re1 Rcd8 30. Rad1 Qe7 31. Rxd8 Rxd8 32. Qa2 Qxb4 33. Qxa6 Ne5 34. Qe6+ Kf8 35. Re3 Nxf3+ 36. Rxf3 Re8 37. Qd7 Qxe4 38. Rb3 Qe1+ 39. Kg2 Qe4+ 40. Kg1 Ra8 41. Qd1 Qe5 42. Qd3 Re8 1/2-1/2

[Event "Munich SKA"]
[Site "Munich"]
[Date "1994.??.??"]
[Round "10"]
[White "Lobron, Eric"]
[Black "Hertneck, Gerald"]
[Result "1/2-1/2"]
[WhiteElo "2570"]
[BlackElo "2615"]
[PlyCount "117"]
[EventDate "1994.05.??"]
[Source "ChessBase"]

1. c4 e5 2. g3 Nf6 3. Bg2 d5 4. cxd5 Nxd5 5. Nf3 Nc6 6. O-O Be7 7. d4 exd4 8. Nxd4 Nxd4 9. Qxd4 Nf6 10. Qa4+ Qd7 11. Qc2 c6 12. e4 O-O 13. Nc3 Rd8 14. Rd1 Qe8 15. Rxd8 Qxd8 16. h3 Be6 17. Be3 Qa5 18. Ne2 Rd8 19. b3 Bc8 20. Nf4 Bb4 21. Nd3 Bc3 22. b4 Bxb4 23. Nxb4 Qxb4 24. Bxa7 Rd2 25. Qb3 Qd6 26. Be3 Rd3 27. Qb6 h5 28. Re1 Rd1 29. Rxd1 Qxd1+ 30. Kh2 h4 31. Qc7 hxg3+ 32. Qxg3 Ne8 33. a3 Be6 34. Bc5 f6 35. Qb8 Qd7 36. f4 Qc8 37. Qxc8 Bxc8 38. Kg3 g6 39. Kf2 Kf7 40. h4 f5 41. e5 Be6 42. a4 Bc4 43. a5 Ng7 44. Ke3 Ne6 45. Bd6 Bb3 46. Bf3 Bc4 47. Bd1 Bd5 48. Bc2 Bc4 49. Bb1 Bd5 50. Bd3 Ng7 51. Ba3 Ne6 52. Bb4 Ng7 53. Ba3 Ne6 54. Bc2 Ng7 55. Bb1 Ne6 56. Bb4 Ng7 57. Bd6 Ne6 58. Ba3 Ng7 59. Bd3 1/2-1/2

[Event "It (Open) Dubai UAE"]
[Site "?"]
[Date "2006.04.29"]
[Round "7"]
[White "Miroshnichenko Evgenij"]
[Black "Fedorchuk Sergey A"]
[Result "0-1"]
[WhiteElo "2608"]
[BlackElo "2576"]
[PlyCount "110"]
[EventDate "2006.??.??"]
[Source "www.chesslib.no"]
[SourceDate "2004.05.04"]

1. c4 Nf6 2. g3 e5 3. Bg2 Bc5 4. Nc3 O-O 5. e3 d6 6. Nge2 c6 7. O-O a5 8. b3 Ba7 9. Bb2 h6 10. h3 Re8 11. Kh2 Na6 12. d4 Bf5 13. d5 Rc8 14. e4 Bh7 15. f3 Rb8 16. Qd2 cxd5 17. cxd5 b5 18. Nc1 Bd4 19. Nd1 Bb6 20. Nd3 Nc5 21. N1f2 Nfd7 22. Rae1 f5 23. Nxc5 Bxc5 24. exf5 Bb4 25. Bc3 Bxc3 26. Qxc3 Bxf5 27. Qd2 Rc8 28. Ne4 Nc5 29. Nxc5 Rxc5 30. Rc1 Qg5 31. Qxg5 hxg5 32. Rxc5 dxc5 33. Rc1 Rc8 34. Bf1 Bd7 35. Re1 c4 36. bxc4 bxc4 37. Rc1 c3 38. Bd3 Kf7 39. Kg2 Ke7 40. Kf2 Kd6 41. Be4 Be8 42. Ke3 Bf7 43. Kd3 Bxd5 44. Bxd5 Kxd5 45. Rxc3 Rxc3+ 46. Kxc3 e4 47. f4 gxf4 48. gxf4 a4 49. a3 Kc5 50. h4 Kd5 51. Kd2 Kd4 52. Ke2 g6 53. Ke1 e3 54. Ke2 Ke4 55. f5 Ke5 0-1

[Event "Barcelona"]
[Site "Barcelona"]
[Date "1993.??.??"]
[Round "2"]
[White "Gavrikov, Viktor"]
[Black "Tukmakov, Vladimir B"]
[Result "1/2-1/2"]
[WhiteElo "2580"]
[BlackElo "2600"]
[PlyCount "33"]
[EventDate "1993.??.??"]
[Source "www.chesslib.no"]
[SourceDate "2004.05.04"]

1. c4 e5 2. g3 Nf6 3. Bg2 d5 4. cxd5 Nxd5 5. Nc3 Nb6 6. d3 Be7 7. Be3 O-O 8. Rc1 Kh8 9. a3 f5 10. Nf3 Nc6 11. O-O Be6 12. Nd2 f4 13. Bxb6 cxb6 14. Be4 Bg5 15. Bxc6 bxc6 16. Nce4 Bd5 17. Rc3 1/2-1/2

[Event "Budapest"]
[Site "?"]
[Date "1996.??.??"]
[Round "?"]
[White "Gurevich, M."]
[Black "Huzman, A."]
[Result "1-0"]
[WhiteElo "2605"]
[BlackElo "2575"]
[PlyCount "139"]
[EventDate "1996.??.??"]
[Source "ChessBase"]
[SourceDate "1996.10.01"]

1. c4 e5 2. g3 Nf6 3. Bg2 c6 4. d4 Bb4+ 5. Bd2 Bxd2+ 6. Qxd2 d6 7. Nc3 O-O 8. Nf3 e4 9. Nh4 Re8 10. O-O d5 11. c5 b6 12. b4 Na6 13. Rab1 h6 14. f4 Rb8 15. Rfc1 Bd7 16. Bf1 Nc7 17. Ng2 h5 18. Nd1 g6 19. a4 bxc5 20. bxc5 Ne6 21. Nge3 Ng7 22. Rb4 h4 23. Rcb1 Rxb4 24. Rxb4 hxg3 25. hxg3 Nfh5 26. Qe1 g5 27. Qf2 gxf4 28. gxf4 Qf6 29. Ng2 Nf5 30. e3 Qh6 31. Ne1 Kh8 32. Qh2 Rg8+ 33. Kf2 Nfg3 34. Ba6 Bg4 35. Nc3 Qg6 36. Nc2 Nf5 37. Rb1 Kg7 38. Ke1 Rh8 39. Kd2 Nf6 40. Qf2 Bf3 41. Rg1 Ng4 42. Qe1 Rh2+ 43. Kc1 Qe6 44. Na2 Kh7 45. Kb1 Qf6 46. Qc3 Qh4 47. Qe1 Qf6 48. Qc3 Rxc2 49. Qxc2 Ngxe3 50. Qh2+ Nh6 51. Nb4 Nef5 52. Qb2 e3 53. Bd3 Qe6 54. Nc2 Be4 55. Qb3 e2 56. Re1 Ng3 57. Bxe4+ Nxe4 58. Qd3 Qg4 59. Kb2 Qxf4 60. Rxe2 a5 61. Qe3 Qb8+ 62. Qb3 Qc8 63. Rh2 Kg6 64. Qb6 Ng4 65. Rg2 Kh5 66. Qxa5 f5 67. Qb6 f4 68. Qb3 Ng5 69. Rg1 Qa6 70. Qb8 1-0